000
00277nam a2200121Ia 4500
005
20251222143200.0
008
251222s9999||||xx |||||||||||||| ||spa||
082
_a
516/A47
100
_a
Alva Gallegos, Fernando
245
0
_a
GeometrĂa:
264
_b
San Marcos
942
_c
LIB
999
_c
13022
_d
13022